000
00267nam a2200133Ia 4500
100
_a
Osborn
942
_c
BK
654
_a
Magnetism
245
_a
Magnetism & Magnetic Materials
260
_b
McGraw Hill
_c
2001
082
_a
538
546
_a
ENGLISH
999
_c
19313
_d
19313